[Event "II Torneo Hotel Petra"]
[Site "Roma ITA"]
[Date "2004.09.14"]
[Round "4"]
[White "Vocaturo, Daniele"]
[Black "Marzano, Carlo"]
[Result "1-0"]
[WhiteElo "2221"]
[BlackElo "2244"]
[PlyCount "116"]
[EventDate "2004.09.11"]

1. e4 Nc6 2. d4 e5 3. Nf3 exd4 4. Bc4 Bc5 5. c3 Nf6 6. e5 d5 7. Bb5 Ne4 8. cxd4
Bb6 9. Nc3 O-O 10. Bxc6 bxc6 11. Be3 f5 12. exf6 Qxf6 13. Qb3 Qg6 14. Ne5 Qxg2
15. O-O-O Nxf2 16. Rhg1 Qh3 17. Rg3 Nxd1 18. Rxh3 Nxc3 19. Rh4 Rf1+ 20. Kd2
Nb1+ 21. Ke2 Ba6+ 22. Nd3 Raf8 23. Rg4 Ba5 24. Rg1 Rxg1 25. Bxg1 Re8+ 26. Kf2
Nd2 27. Qc2 Ne4+ 28. Kg2 Bxd3 29. Qxd3 Bb6 30. Qa6 Re6 31. a4 Rg6+ 32. Kh1 Ng5
33. a5 Nf3 34. Qc8+ Kf7 35. Qf5+ Rf6 36. Qd7+ Kg6 37. axb6 axb6 38. Qxc7 b5 39.
Be3 h6 40. Qg3+ Kf7 41. h4 g5 42. hxg5 hxg5 43. Bxg5 Nxg5 44. Qxg5 Re6 45. Qf4+
Ke7 46. Qc7+ Kf6 47. Kg2 Kg6 48. Kf3 Kf6 49. Qd7 Kf5 50. Qg7 Re4 51. Qf7+ Kg5
52. Qd7 Rf4+ 53. Ke3 Rf6 54. Qh3 Rh6 55. Qg3+ Kf5 56. Qe5+ Kg6 57. Kd3 Kf7 58.
Qc7+ Ke8 1-0

[Event "II Torneo Hotel Petra"]
[Site "Roma ITA"]
[Date "2004.09.15"]
[Round "5"]
[White "Corvi, Marco"]
[Black "Ferretti, Folco"]
[Result "0-1"]
[WhiteElo "2323"]
[BlackElo "2287"]
[PlyCount "92"]
[EventDate "2004.09.11"]

1. d4 Nf6 2. Nf3 e6 3. g3 b5 4. Bg2 Bb7 5. a4 b4 6. c4 c5 7. d5 exd5 8. Nh4 g6
9. O-O Bg7 10. cxd5 d6 11. e4 O-O 12. Nd2 Ba6 13. Re1 Nbd7 14. f4 Re8 15. Qb3
Qc7 16. Nc4 Nxd5 17. e5 Bxc4 18. Qxc4 N5b6 19. Qa2 Rad8 20. a5 Nc8 21. Bd5 Nf8
22. f5 Rxe5 23. Bf4 Rxd5 24. Qxd5 Ne7 25. Qg2 Nxf5 26. Nxf5 gxf5 27. a6 Ne6 28.
Qb7 Bd4+ 29. Kh1 Qd7 30. Rad1 Qxb7+ 31. axb7 Rb8 32. Bxd6 Rxb7 33. b3 a5 34.
Rf1 Rb6 35. Be7 f6 36. Rxf5 Kf7 37. Bxf6 Bxf6 38. Rdf1 Nd4 39. Rxc5 Nxb3 40.
Rc7+ Kg6 41. h4 h5 42. Ra7 Nd2 43. Rf2 Ne4 44. Rf4 Nxg3+ 45. Kg2 b3 46. Kxg3
Be5 0-1

[Event "II Torneo Hotel Petra"]
[Site "Roma ITA"]
[Date "2004.09.15"]
[Round "5"]
[White "De Blasio, Massimo"]
[Black "Mrdja, Milan"]
[Result "0-1"]
[WhiteElo "2244"]
[BlackElo "2432"]
[PlyCount "78"]
[EventDate "2004.09.11"]

1. e4 Nf6 2. e5 Nd5 3. d4 d6 4. Nf3 Bg4 5. Be2 c6 6. c4 Bxf3 7. Bxf3 Nc7 8. Qe2
Ne6 9. Be3 dxe5 10. dxe5 Nd7 11. O-O Nxe5 12. Be4 Nd7 13. Nc3 Nec5 14. Bc2 e6
15. Rad1 Qc7 16. b4 Na6 17. a3 Be7 18. f4 Nf6 19. Bd4 O-O-O 20. Be5 Qb6+ 21. c5
Nxc5 22. bxc5 Qxc5+ 23. Kh1 Rxd1 24. Rxd1 Rd8 25. Rb1 Bd6 26. Na4 Qxa3 27. Bb2
Qb4 28. Bxf6 Qxf4 29. g3 Qxf6 30. Be4 Qd4 31. Qc2 Rd7 32. Rxb7 Rxb7 33. Qxc6+
Kd8 34. Qxb7 Qxa4 35. Bc6 Qd1+ 36. Kg2 Bc7 37. Bf3 Qc2+ 38. Kh3 Qc5 39. Kg2 g6
0-1

[Event "II Torneo Hotel Petra"]
[Site "Roma ITA"]
[Date "2004.09.15"]
[Round "5"]
[White "Marzano, Carlo"]
[Black "Djuric, Stefan"]
[Result "0-1"]
[WhiteElo "2244"]
[BlackElo "2511"]
[PlyCount "108"]
[EventDate "2004.09.11"]

1. d4 d5 2. Nf3 c6 3. Bf4 Bg4 4. Nbd2 Nd7 5. h3 Bh5 6. e3 e6 7. Bd3 Bg6 8. Bxg6
hxg6 9. O-O Be7 10. c4 dxc4 11. Nxc4 Nb6 12. Na5 Qc8 13. Rc1 Rh5 14. Nb3 Nf6
15. Qe2 Kf8 16. e4 a5 17. Rfd1 Nbd7 18. Nbd2 Qd8 19. Nc4 Nb6 20. Nce5 Nfd7 21.
Nd3 Qe8 22. Bg3 Rb5 23. Rc2 a4 24. Nf4 Nf6 25. Ne5 Kg8 26. Nf3 Nh5 27. Nxh5
gxh5 28. Bf4 Rd8 29. Bc7 Rc8 30. Bf4 Bf8 31. Be3 Nd7 32. Rdc1 Ra8 33. Nd2 Nf6
34. Qd3 e5 35. dxe5 Qxe5 36. Bd4 Qe6 37. a3 Rd8 38. Qc4 Qd6 39. Bc3 Nd7 40.
Qxa4 Nc5 41. Qc4 Nd3 42. Rf1 Qg6 43. f4 Bc5+ 44. Kh2 Be3 45. f5 Qd6+ 46. Kh1
Rc5 47. Qb3 Nf2+ 48. Rxf2 Bxf2 49. Bb4 Rxc2 50. Qxc2 Qd3 51. Qxd3 Rxd3 52. Nf3
h4 53. Kh2 Bg3+ 54. Kh1 Rd1+ 0-1

[Event "II Torneo Hotel Petra"]
[Site "Roma ITA"]
[Date "2004.09.15"]
[Round "5"]
[White "Shchekachev, Andrei"]
[Black "Collutiis, Duilio"]
[Result "1-0"]
[WhiteElo "2555"]
[BlackElo "2387"]
[PlyCount "83"]
[EventDate "2004.09.11"]

1. Nf3 c5 2. c4 Nc6 3. d4 cxd4 4. Nxd4 Nf6 5. g3 e6 6. Bg2 a6 7. O-O Be7 8. Nc3
O-O 9. Bf4 Nxd4 10. Qxd4 d6 11. Qd2 Qc7 12. Rac1 Nh5 13. Be3 Bd7 14. Rfd1 Rfd8
15. Qd4 Nf6 16. Qb6 Qxb6 17. Bxb6 Re8 18. Bc7 Rac8 19. Bxd6 Bxd6 20. Rxd6 Rxc4
21. Bxb7 a5 22. Rcd1 Rb4 23. Rxd7 Nxd7 24. Rxd7 Rxb2 25. a4 Rc2 26. Rc7 Kf8 27.
Be4 Rc1+ 28. Kg2 Rb8 29. Bd3 g6 30. Bb5 Rd8 31. Kf3 Rd2 32. Ke3 Rdc2 33. Kd3 e5
34. f3 h5 35. h4 f5 36. Rc4 Kg7 37. Be8 e4+ 38. fxe4 fxe4+ 39. Kd4 Rg1 40. Nxe4
Ra1 41. Kc5 Rxe2 42. Bc6 1-0

[Event "II Torneo Hotel Petra"]
[Site "Roma ITA"]
[Date "2004.09.16"]
[Round "6"]
[White "Collutiis, Duilio"]
[Black "Mrdja, Milan"]
[Result "0-1"]
[WhiteElo "2387"]
[BlackElo "2432"]
[PlyCount "62"]
[EventDate "2004.09.11"]

1. e4 c6 2. c4 d5 3. exd5 cxd5 4. cxd5 Nf6 5. Nc3 g6 6. Bb5+ Nbd7 7. Bc4 Bg7 8.
Nge2 O-O 9. d3 a6 10. a4 Nb6 11. Qb3 Bf5 12. Be3 Nfd7 13. O-O Qc7 14. Ng3 Rac8
15. Nxf5 gxf5 16. Qb4 Nxc4 17. dxc4 Ne5 18. Bb6 Qd7 19. c5 Nd3 20. Qa3 f4 21.
Rad1 Qf5 22. d6 Bxc3 23. Qxc3 Ne5 24. dxe7 Rfe8 25. f3 Rxe7 26. Rfe1 Rce8 27.
Re4 Nxf3+ 28. gxf3 Rxe4 29. fxe4 Qg4+ 30. Kf2 Qxd1 31. c6 Qd6 0-1

[Event "II Torneo Hotel Petra"]
[Site "Roma ITA"]
[Date "2004.09.16"]
[Round "6"]
[White "Djuric, Stefan"]
[Black "Miladinovic, Igor"]
[Result "1/2-1/2"]
[WhiteElo "2511"]
[BlackElo "2630"]
[PlyCount "88"]
[EventDate "2004.09.11"]

1. e4 c5 2. Nf3 Nc6 3. c3 d5 4. exd5 Qxd5 5. d4 e5 6. Nxe5 Nxe5 7. dxe5 Qxe5+
8. Qe2 Qxe2+ 9. Bxe2 Bd7 10. Na3 O-O-O 11. Bf4 Re8 12. Kf1 Re4 13. Bg3 f5 14.
Bd3 Re8 15. Nb5 g5 16. Nd6+ Bxd6 17. Bxd6 b6 18. Ba6+ Kd8 19. h4 g4 20. Rd1 Nf6
21. f3 Rhg8 22. Kf2 Nh5 23. Rhf1 Rg6 24. Bc4 g3+ 25. Kg1 Rf6 26. Bb8 Re7 27.
Rd2 b5 28. Bxb5 Kc8 29. Rxd7 Rxd7 30. Bxd7+ Kxb8 31. f4 Kc7 32. Be8 Ng7 33. Re1
Kd8 34. Ba4 Rb6 35. Re3 Nh5 36. Bd1 Nxf4 37. Rxg3 Rxb2 38. Rg8+ Ke7 39. Bf3
Rxa2 40. Rg7+ Kf6 41. Rxh7 Ng6 42. Bd5 Rc2 43. Rf7+ Ke5 44. h5 Nh8 1/2-1/2

[Event "II Torneo Hotel Petra"]
[Site "Roma ITA"]
[Date "2004.09.16"]
[Round "6"]
[White "Shchekachev, Andrei"]
[Black "Corvi, Marco"]
[Result "1-0"]
[WhiteElo "2555"]
[BlackElo "2323"]
[PlyCount "65"]
[EventDate "2004.09.11"]

1. Nf3 f5 2. c4 Nf6 3. g3 d6 4. d4 g6 5. Bg2 Bg7 6. O-O O-O 7. Nc3 Nc6 8. d5
Ne5 9. Qb3 Nxf3+ 10. Bxf3 Nd7 11. Be3 Ne5 12. Bg2 Bd7 13. h3 a5 14. c5 Kh8 15.
f4 Nf7 16. Rac1 dxc5 17. Bxc5 b6 18. Bf2 Nd6 19. a4 Qb8 20. Rfe1 b5 21. axb5
Bxb5 22. e4 Bd3 23. Qxb8 Raxb8 24. e5 Nc4 25. Na4 Nxb2 26. Nxb2 Rxb2 27. Rxc7
a4 28. Bd4 a3 29. Rxe7 Rc8 30. d6 Bf8 31. Rc7 Rcb8 32. e6+ Kg8 33. e7 1-0

[Event "II Torneo Hotel Petra"]
[Site "Roma ITA"]
[Date "2004.09.16"]
[Round "6"]
[White "Vocaturo, Daniele"]
[Black "De Blasio, Massimo"]
[Result "0-1"]
[WhiteElo "2221"]
[BlackElo "2244"]
[PlyCount "116"]
[EventDate "2004.09.11"]

1. e4 c5 2. Nf3 d6 3. d4 cxd4 4. Nxd4 Nf6 5. Nc3 g6 6. Be3 Bg7 7. f3 Nc6 8. Qd2
O-O 9. Bc4 Bd7 10. O-O-O Rb8 11. Bb3 Na5 12. h4 b5 13. Bh6 Bxh6 14. Qxh6 e5 15.
Nde2 Nxb3+ 16. cxb3 b4 17. Nd5 Nxd5 18. Rxd5 Be6 19. Rd3 d5 20. Kb1 Qe7 21. Ng3
d4 22. f4 f6 23. Rf1 Qg7 24. Qxg7+ Kxg7 25. Ne2 Bd7 26. fxe5 fxe5 27. Rdf3 Bb5
28. Rxf8 Rxf8 29. Rxf8 Kxf8 30. Ng3 Kf7 31. Kc2 Kf6 32. a4 Ba6 33. Nh1 g5 34.
g3 Kg6 35. hxg5 Kxg5 36. Nf2 Bf1 37. a5 h5 38. Kd2 h4 39. gxh4+ Kxh4 40. Ke1
Ba6 41. Nh1 Kg4 42. Kf2 Kf4 43. Ng3 Bc8 44. Nh5+ Kxe4 45. Nf6+ Kd3 46. Ke1 Kc2
47. Nd5 Kxb3 48. Ne7 Bb7 49. a6 Bxa6 50. Nc6 Bb5 51. Nxe5 Kc2 52. Nf3 d3 53.
Nd4+ Kc1 54. Nf3 Kxb2 55. Kd2 a5 56. Nd4 Bd7 57. Kxd3 a4 58. Nc2 Bf5+ 0-1

[Event "II Torneo Hotel Petra"]
[Site "Roma ITA"]
[Date "2004.09.17"]
[Round "7"]
[White "De Blasio, Massimo"]
[Black "Djuric, Stefan"]
[Result "1/2-1/2"]
[WhiteElo "2244"]
[BlackElo "2511"]
[PlyCount "67"]
[EventDate "2004.09.11"]

1. e4 Nf6 2. e5 Nd5 3. d4 d6 4. Nf3 g6 5. Bc4 c6 6. O-O Bg7 7. exd6 Qxd6 8. Bb3
O-O 9. Nbd2 Qc7 10. Re1 a5 11. a4 Bf5 12. Nc4 Nd7 13. h3 N7f6 14. Nce5 Rad8 15.
Qe2 h6 16. c3 Qb6 17. Bc2 Bxc2 18. Qxc2 c5 19. dxc5 Qxc5 20. Nd4 Rd6 21. Nb5
Ra6 22. b3 Qc8 23. Qd3 Rd8 24. Qf3 Qf5 25. Qxf5 gxf5 26. Ba3 Ne4 27. Rad1 Raa8
28. c4 Nb4 29. Bxb4 axb4 30. Nd3 Nc3 31. Nxc3 bxc3 32. Nb4 e6 33. Kf1 h5 34.
Ke2 1/2-1/2

[Event "II Torneo Hotel Petra"]
[Site "Roma ITA"]
[Date "2004.09.17"]
[Round "7"]
[White "Marzano, Carlo"]
[Black "Shchekachev, Andrei"]
[Result "0-1"]
[WhiteElo "2244"]
[BlackElo "2555"]
[PlyCount "104"]
[EventDate "2004.09.11"]

1. d4 Nf6 2. Nf3 e6 3. Bg5 h6 4. Bh4 g5 5. Bg3 Nh5 6. Nbd2 Bg7 7. e3 d6 8. c3
Nc6 9. Bd3 Bd7 10. Qe2 Qe7 11. O-O-O a5 12. Rhe1 Nxg3 13. hxg3 a4 14. e4 g4 15.
Nh2 h5 16. f4 gxf3 17. gxf3 a3 18. b3 e5 19. d5 Na7 20. Kb1 Bh6 21. Nc4 Nc8 22.
Ne3 Qg5 23. Qf2 Ne7 24. g4 h4 25. Nf5 Ng6 26. Nf1 Qd8 27. Nxh6 Rxh6 28. Ne3 Rh8
29. Rh1 Qb8 30. Rh2 Qa7 31. Nc4 Qxf2 32. Rxf2 Ke7 33. Rh1 Kf6 34. Kc2 Kg5 35.
Bf1 Kf4 36. Kd2 Rh7 37. Ne3 h3 38. Rg1 h2 39. Rh1 Rah8 40. Bg2 c6 41. Bf1 Ne7
42. c4 b5 43. cxb5 cxd5 44. exd5 f5 45. b6 Bc8 46. Nxf5 Bxf5 47. gxf5 Nxd5 48.
b7 Nb4 49. Kc3 Rxb7 50. f6 Rc8+ 51. Kd2 Rc2+ 52. Ke1 Rc1+ 0-1

[Event "II Torneo Hotel Petra"]
[Site "Roma ITA"]
[Date "2004.09.17"]
[Round "7"]
[White "Miladinovic, Igor"]
[Black "Ferretti, Folco"]
[Result "1-0"]
[WhiteElo "2630"]
[BlackElo "2287"]
[PlyCount "73"]
[EventDate "2004.09.11"]

1. d4 Nf6 2. c4 e6 3. Nc3 Bb4 4. g3 d5 5. Bg2 O-O 6. Nf3 dxc4 7. O-O c5 8. dxc5
Nc6 9. Nd2 Bxc5 10. Nxc4 Qe7 11. Bg5 h6 12. Bxf6 Qxf6 13. Ne4 Qe7 14. Nxc5 Qxc5
15. Rc1 Rd8 16. Qb3 Na5 17. Qa4 Nxc4 18. Rxc4 Bd7 19. Qb3 Qb5 20. Rb4 Qxe2 21.
Bf3 Qe5 22. Rxb7 Rab8 23. Rd1 Be8 24. Rxd8 Rxd8 25. Kg2 a5 26. Qb6 Rc8 27. b3
Kh7 28. Re7 Bb5 29. Qb7 Rc1 30. h4 Bd3 31. Rxf7 Qe1 32. Kh3 Bf5+ 33. g4 Qf1+
34. Bg2 Rc3+ 35. f3 Bxg4+ 36. Kh2 Qd3 37. Rxg7+ 1-0

[Event "II Torneo Hotel Petra"]
[Site "Roma ITA"]
[Date "2004.09.17"]
[Round "7"]
[White "Mrdja, Milan"]
[Black "Vocaturo, Daniele"]
[Result "1-0"]
[WhiteElo "2432"]
[BlackElo "2221"]
[PlyCount "79"]
[EventDate "2004.09.11"]

1. e4 c5 2. Nf3 d6 3. c3 Nf6 4. Bd3 Nc6 5. Bc2 Bg4 6. h3 Bh5 7. d3 e6 8. Nbd2
Be7 9. Qe2 d5 10. g4 Bg6 11. Nh4 a6 12. Ng2 c4 13. dxc4 dxe4 14. Nxe4 Qa5 15.
O-O Nxe4 16. Bxe4 Bxe4 17. Qxe4 h5 18. g5 Qe5 19. Qc2 O-O-O 20. h4 Qc5 21. Qe2
Qf5 22. Be3 f6 23. f4 Qe4 24. Rae1 fxg5 25. Bb6 Qxe2 26. Rxe2 Rdf8 27. fxg5
Rxf1+ 28. Kxf1 Rf8+ 29. Rf2 Rxf2+ 30. Kxf2 Ne5 31. Bd4 Ng4+ 32. Kf3 e5 33. Bg1
Kd7 34. Ke4 Ke6 35. c5 g6 36. b4 Bf8 37. a4 Bg7 38. Ne1 Kd7 39. b5 Ke7 40. c6
1-0

[Event "II Torneo Hotel Petra"]
[Site "Roma ITA"]
[Date "2004.09.18"]
[Round "8"]
[White "Collutiis, Duilio"]
[Black "Vocaturo, Daniele"]
[Result "1-0"]
[WhiteElo "2387"]
[BlackElo "2221"]
[PlyCount "77"]
[EventDate "2004.09.11"]

1. Nc3 c5 2. e4 Nc6 3. Nge2 g6 4. d4 cxd4 5. Nxd4 Bg7 6. Nb3 Nf6 7. Be2 O-O 8.
O-O d6 9. Re1 Be6 10. Bg5 Rc8 11. Bf1 Re8 12. Nd5 Nd7 13. c3 Nce5 14. Nd4 Bxd5
15. exd5 Nf6 16. Bb5 Ned7 17. c4 a6 18. Bxd7 Nxd7 19. b3 Qb6 20. Be3 Nc5 21.
Rb1 Qb4 22. Nc2 Qc3 23. Bg5 f6 24. Bd2 Qd3 25. Re3 Qf5 26. Nd4 Qd7 27. Bb4 f5
28. Bxc5 dxc5 29. Ne6 Qd6 30. Qd2 b5 31. Rbe1 bxc4 32. bxc4 Rb8 33. Nxg7 Kxg7
34. Re6 Qd7 35. h4 Rb4 36. Qg5 Kh8 37. h5 Rxc4 38. Qh6 gxh5 39. Rxe7 1-0

[Event "II Torneo Hotel Petra"]
[Site "Roma ITA"]
[Date "2004.09.18"]
[Round "8"]
[White "Ferretti, Folco"]
[Black "De Blasio, Massimo"]
[Result "1/2-1/2"]
[WhiteElo "2287"]
[BlackElo "2244"]
[PlyCount "20"]
[EventDate "2004.09.11"]

1. c4 e6 2. Nf3 Nf6 3. g3 d5 4. Bg2 Be7 5. O-O O-O 6. b3 c5 7. e3 d4 8. exd4
cxd4 9. d3 Nc6 10. Re1 Nd7 1/2-1/2

[Event "II Torneo Hotel Petra"]
[Site "Roma ITA"]
[Date "2004.09.19"]
[Round "9"]
[White "De Blasio, Massimo"]
[Black "Shchekachev, Andrei"]
[Result "0-1"]
[WhiteElo "2244"]
[BlackElo "2555"]
[PlyCount "68"]
[EventDate "2004.09.11"]

1. e4 c5 2. Nf3 e6 3. d4 cxd4 4. Nxd4 a6 5. Nc3 b5 6. Bd3 d6 7. O-O Nf6 8. f4
Be7 9. Kh1 e5 10. fxe5 dxe5 11. Nf5 Bxf5 12. Rxf5 Nc6 13. Be3 g6 14. Rf1 h5 15.
Qf3 O-O 16. Bh6 Nd4 17. Qg3 Ng4 18. Bxf8 Bh4 19. Qh3 Kxf8 20. g3 Bg5 21. Nd5
Kg7 22. Qg2 Qd6 23. c3 Ne6 24. Qf3 Rf8 25. b4 Nc7 26. h4 Nxd5 27. exd5 Bd2 28.
a4 Bxc3 29. Rac1 Bxb4 30. Rc6 Qd8 31. Qe4 Qe7 32. axb5 axb5 33. Bxb5 Bd6 34.
Ra1 Nf2+ 0-1

[Event "II Torneo Hotel Petra"]
[Site "Roma ITA"]
[Date "2004.09.19"]
[Round "9"]
[White "Marzano, Carlo"]
[Black "Collutiis, Duilio"]
[Result "0-1"]
[WhiteElo "2244"]
[BlackElo "2387"]
[PlyCount "74"]
[EventDate "2004.09.11"]

1. d4 Nf6 2. Nf3 c5 3. d5 g6 4. Nc3 Bg7 5. e4 O-O 6. a4 d6 7. Be2 Na6 8. O-O
Nc7 9. Nd2 a6 10. a5 Nb5 11. Nxb5 axb5 12. Bxb5 Rxa5 13. Rxa5 Qxa5 14. Qe2 Bd7
15. Bxd7 Nxd7 16. Nc4 Qa6 17. Re1 Ra8 18. f4 b5 19. Nd2 Qb7 20. b3 Ra2 21. Nf3
Bc3 22. Rd1 f6 23. h4 c4 24. bxc4 b4 25. Bd2 Rxc2 26. Qd3 Qa7+ 27. c5 Ra2 28.
Bxc3 bxc3 29. Qxc3 Nxc5 30. e5 Ra3 31. Qd2 Rd3 32. Qe2 Ne6+ 33. Kh2 Nxf4 34.
Qc2 Rxd1 35. Qxd1 Qf2 36. Qd2 Qxd2 37. Nxd2 fxe5 0-1

[Event "II Torneo Hotel Petra"]
[Site "Roma ITA"]
[Date "2004.09.19"]
[Round "9"]
[White "Miladinovic, Igor"]
[Black "Corvi, Marco"]
[Result "1-0"]
[WhiteElo "2630"]
[BlackElo "2323"]
[PlyCount "85"]
[EventDate "2004.09.11"]

1. d4 f5 2. h3 d6 3. g4 e5 4. dxe5 dxe5 5. Qxd8+ Kxd8 6. Nc3 c6 7. Nf3 Bd6 8.
Bg5+ Kc7 9. O-O-O Nf6 10. gxf5 Bxf5 11. Rg1 Nbd7 12. Bh4 Bg6 13. a3 a5 14. Rg5
Rhe8 15. Bg3 Nh5 16. Bh2 b5 17. h4 b4 18. Nb1 Nhf6 19. Bh3 Ne4 20. Bxd7 Nxg5
21. Bxe8 Nxf3 22. Bxg6 Nxh2 23. Bxh7 Rh8 24. Bf5 Rh5 25. e4 Rxh4 26. axb4 axb4
27. Nd2 Rh6 28. Rg1 Bf8 29. Rg3 g6 30. Be6 Bc5 31. Rd3 Bxf2 32. Rd7+ Kb6 33.
Nc4+ Kc5 34. Nxe5 Be3+ 35. Kd1 g5 36. Bf5 Rh8 37. Rb7 Bf4 38. Nd3+ Kd4 39. Ke2
c5 40. Rd7+ Kc4 41. e5 Kb5 42. Rb7+ Ka5 43. Nxc5 1-0

[Event "II Torneo Hotel Petra"]
[Site "Roma ITA"]
[Date "2004.09.19"]
[Round "9"]
[White "Mrdja, Milan"]
[Black "Ferretti, Folco"]
[Result "1/2-1/2"]
[WhiteElo "2432"]
[BlackElo "2287"]
[PlyCount "41"]
[EventDate "2004.09.11"]

1. e4 d5 2. Nc3 dxe4 3. Nxe4 Nd7 4. Bc4 e6 5. Nf3 Ngf6 6. Nxf6+ Nxf6 7. d4 c5
8. c3 Be7 9. O-O O-O 10. Qe2 cxd4 11. Nxd4 Qc7 12. Re1 Bd7 13. Bd2 Bd6 14. h3
Bf4 15. Bxf4 Qxf4 16. Qe5 Qxe5 17. Rxe5 Rac8 18. Bb3 Rfd8 19. f4 g6 20. Rae1
Ne8 21. Kf2 1/2-1/2

[Event "II Torneo Hotel Petra"]
[Site "Roma ITA"]
[Date "2004.09.19"]
[Round "9"]
[White "Vocaturo, Daniele"]
[Black "Djuric, Stefan"]
[Result "0-1"]
[WhiteElo "2221"]
[BlackElo "2511"]
[PlyCount "80"]
[EventDate "2004.09.11"]

1. e4 e5 2. Nf3 d6 3. d4 Nf6 4. Nc3 Nbd7 5. Bc4 Be7 6. O-O O-O 7. Re1 c6 8. a4
Qc7 9. h3 h6 10. b3 a5 11. Ba3 Re8 12. Qd2 Nb6 13. Bf1 Be6 14. Rad1 Rad8 15.
Bb2 Bf8 16. Nb1 Nbd7 17. Na3 d5 18. exd5 Bxd5 19. Nxe5 Bb4 20. c3 Bxa3 21. Bxa3
Bxb3 22. Bc4 Bxc4 23. Nxc4 Nf8 24. Rxe8 Rxe8 25. Bd6 Qd7 26. Be5 Qd5 27. Qd3
N8d7 28. Bc7 Nc5 29. Qf1 Nxa4 30. Bxa5 Ne4 31. Qd3 Re6 32. Bb4 b5 33. Ne3 Qa2
34. Nc2 Nb2 35. Qf1 Nxd1 36. Qxd1 Qb2 37. d5 cxd5 38. Kh2 Nxf2 39. Qd2 Ne4 40.
Qd3 Qb1 0-1

[Event "II Open Hotel Petra FIDE"]
[Site "Roma ITA"]
[Date "2004.09.11"]
[Round "1"]
[White "Braschi, Giancarlo"]
[Black "Bellincampi, Stefano"]
[Result "1-0"]
[WhiteElo "2196"]
[BlackElo "2064"]
[PlyCount "119"]
[EventDate "2004.09.11"]

1. d4 Nf6 2. c4 e6 3. Nc3 Bb4 4. e3 b6 5. Nge2 Ba6 6. a3 Bxc3+ 7. Nxc3 d5 8. b4
O-O 9. Bb2 c6 10. Qb3 Qe7 11. Be2 Rc8 12. Rd1 Nbd7 13. b5 dxc4 14. Bxc4 cxb5
15. Bxb5 Bb7 16. O-O Nd5 17. Ne2 N7f6 18. Bd3 Nh5 19. Bb1 Qg5 20. Ng3 Nxg3 21.
hxg3 Nf6 22. a4 Ng4 23. Rfe1 Qh5 24. e4 Qh2+ 25. Kf1 Qh1+ 26. Ke2 Qxg2 27. Qf3
Ba6+ 28. Rd3 Bxd3+ 29. Bxd3 Qxf3+ 30. Kxf3 Nf6 31. g4 h6 32. Rg1 Ne8 33. Ke3
Nd6 34. Kf3 Nc4 35. Ba1 a6 36. g5 hxg5 37. Rxg5 f6 38. Rh5 b5 39. e5 fxe5 40.
dxe5 Rd8 41. Ke2 Rd7 42. f4 Rad8 43. Bh7+ Kf7 44. Bc3 Rd1 45. f5 Rg1 46. fxe6+
Kxe6 47. Bf5+ Kf7 48. e6+ Ke7 49. Bb4+ Nd6 50. axb5 axb5 51. Bh3 Rh1 52. Bd2
Rh2+ 53. Ke1 Rxh3 54. Rxh3 Kxe6 55. Rb3 Kd5 56. Rg3 Rd7 57. Bc3 Re7+ 58. Kd1
Nf5 59. Rg6 Kc4 60. Kc2 1-0

[Event "II Open Hotel Petra FIDE"]
[Site "Roma ITA"]
[Date "2004.09.11"]
[Round "1"]
[White "Ciotoli, Patrizio"]
[Black "Almonti, Alessandro"]
[Result "1/2-1/2"]
[WhiteElo "2164"]
[BlackElo "2033"]
[PlyCount "159"]
[EventDate "2004.09.11"]

1. e4 c5 2. Nc3 Nc6 3. Nf3 g6 4. Bc4 Bg7 5. O-O d6 6. d3 Nf6 7. Nd5 O-O 8.
Nxf6+ exf6 9. c3 Be6 10. Bxe6 fxe6 11. Qb3 Qd7 12. Be3 b6 13. a4 d5 14. Qb5
Rfc8 15. exd5 exd5 16. Rfe1 Bf8 17. d4 c4 18. a5 a6 19. Qa4 bxa5 20. Nd2 Bd6
21. b3 cxb3 22. Qxb3 Kg7 23. g3 Qf7 24. Rab1 Rab8 25. Qa4 Qc7 26. Qa2 Ne7 27.
c4 dxc4 28. Rxb8 Rxb8 29. Nxc4 Rb5 30. Nxd6 Qxd6 31. Bf4 Qd7 32. Qe6 Qxe6 33.
Rxe6 Nd5 34. Bd2 Rb6 35. Rxb6 Nxb6 36. Bxa5 Nd5 37. Kf1 Kf7 38. Ke2 Ke6 39. Kd3
f5 40. f3 Kd6 41. Bd2 Kc6 42. Kc4 Nb6+ 43. Kd3 Kd5 44. g4 fxg4 45. fxg4 Nc4 46.
Bc3 Nd6 47. Ba5 Ne4 48. Be1 Ng5 49. Ke3 Ne6 50. Bc3 Nc7 51. h4 Nb5 52. Bb2 a5
53. h5 Kc4 54. hxg6 hxg6 55. d5 Kxd5 56. Kf4 Ke6 57. Ke4 a4 58. Ba1 a3 59. Bg7
a2 60. Kd3 Kd5 61. Kc2 Nd4+ 62. Kb2 Ne6 63. Bh6 Ke4 64. Kxa2 Kf3 65. g5 Kg4 66.
Kb2 Nxg5 67. Kc2 Kh5 68. Bf8 Kg4 69. Kd2 Kf3 70. Be7 Ne4+ 71. Ke1 Ng3 72. Bd8
Nf5 73. Bf6 Ne3 74. Bd8 Nd5 75. Kf1 Kg4 76. Kg2 Kf5 77. Kg3 Nf6 78. Bxf6 Kxf6
79. Kf4 Kg7 80. Kg4 1/2-1/2

[Event "II Open Hotel Petra FIDE"]
[Site "Roma ITA"]
[Date "2004.09.11"]
[Round "1"]
[White "Farina, Saverio"]
[Black "Dentale, Enrico"]
[Result "1-0"]
[WhiteElo "2107"]
[BlackElo "1946"]
[PlyCount "49"]
[EventDate "2004.09.11"]

1. c4 e5 2. Nc3 Nf6 3. Nf3 Nc6 4. e3 Be7 5. d4 exd4 6. exd4 d5 7. cxd5 Nxd5 8.
Bc4 Nxc3 9. bxc3 O-O 10. h3 Bf5 11. O-O Bf6 12. Re1 Na5 13. Bf1 Re8 14. Bf4 c6
15. Qa4 Rxe1 16. Rxe1 b5 17. Qa3 Nb7 18. Ne5 Qa5 19. Qb3 Bxe5 20. Rxe5 Be6 21.
Rxe6 fxe6 22. Qxe6+ Kf8 23. Qxc6 Qb6 24. Bxb5 Rd8 25. Bg5 1-0

[Event "II Open Hotel Petra FIDE"]
[Site "Roma ITA"]
[Date "2004.09.11"]
[Round "1"]
[White "Marta, Daniele"]
[Black "De Carolis, Maurizio"]
[Result "1/2-1/2"]
[WhiteElo "2089"]
[BlackElo "1871"]
[PlyCount "35"]
[EventDate "2004.09.11"]

1. d4 e6 2. c4 f5 3. Nf3 Nf6 4. g3 d5 5. Bg2 c6 6. O-O Be7 7. b3 O-O 8. Ba3
Bxa3 9. Nxa3 Qe7 10. c5 Nbd7 11. Nc2 e5 12. dxe5 Nxe5 13. Nxe5 Qxe5 14. Nd4 f4
15. Qd3 Ne4 16. Rac1 Bf5 17. Nxf5 Qxf5 18. f3 1/2-1/2

[Event "II Open Hotel Petra FIDE"]
[Site "Roma ITA"]
[Date "2004.09.11"]
[Round "1"]
[White "Occhipinti, Massimo"]
[Black "Fayard, Alain"]
[Result "0-1"]
[WhiteElo "2089"]
[BlackElo "2253"]
[PlyCount "94"]
[EventDate "2004.09.11"]

1. e4 c5 2. d4 cxd4 3. c3 d5 4. e5 dxc3 5. Nxc3 e6 6. Nf3 Ne7 7. Bd3 Ng6 8. O-O
Nc6 9. Qe2 a6 10. g3 Qc7 11. Bxg6 hxg6 12. Bf4 Be7 13. Rfe1 O-O 14. Rac1 Qd8
15. h4 Bd7 16. Ng5 Rc8 17. Rcd1 Na5 18. Qg4 Rc4 19. Qe2 b5 20. Qd3 b4 21. Ne2
Bb5 22. Nd4 Qd7 23. Qb1 Bc6 24. h5 Bxg5 25. Bxg5 gxh5 26. Qd3 Ba8 27. Qf3 Nc6
28. Bf6 g6 29. Qf4 Kh7 30. g4 Nxd4 31. Rxd4 Rxd4 32. Qxd4 Rc8 33. gxh5 Rc4 34.
Qd3 Rg4+ 35. Kh2 Qb5 36. hxg6+ Rxg6 37. Qxb5 axb5 38. Re3 Rg4 39. Rh3+ Kg6 40.
Rh8 Bc6 41. Rc8 Rc4 42. Rg8+ Kf5 43. Rg7 d4 44. Rxf7 d3 45. Bh4+ Kg4 46. Bg3 d2
47. f3+ Kh5 0-1

[Event "II Open Hotel Petra FIDE"]
[Site "Roma ITA"]
[Date "2004.09.11"]
[Round "1"]
[White "Rocchetti, Marco"]
[Black "Scacco, Mauro"]
[Result "0-1"]
[WhiteElo "1978"]
[BlackElo "2117"]
[PlyCount "62"]
[EventDate "2004.09.11"]

1. d4 c5 2. e3 Nf6 3. Nf3 e6 4. Bd3 Nc6 5. c3 d5 6. Nbd2 Be7 7. O-O O-O 8. Ne5
Nxe5 9. dxe5 Nd7 10. f4 f5 11. g4 g6 12. g5 Bxg5 13. fxg5 Qxg5+ 14. Kh1 Nxe5
15. Nf3 Qf6 16. Nxe5 Qxe5 17. Qf3 Bd7 18. Qf4 Qg7 19. Bd2 e5 20. Qg3 Bc6 21.
Kg1 a5 22. a4 c4 23. Bc2 Rae8 24. Rf2 d4 25. cxd4 exd4 26. Re1 Qd7 27. exd4 Qd5
28. Rfe2 f4 29. Bxf4 Qh1+ 30. Kf2 Rxf4+ 31. Qxf4 Qg2# 0-1

[Event "II Open Hotel Petra FIDE"]
[Site "Roma ITA"]
[Date "2004.09.11"]
[Round "1"]
[White "Romagnoli, Moreno"]
[Black "Pienabarca, Nicola"]
[Result "0-1"]
[WhiteElo "1891"]
[BlackElo "2100"]
[PlyCount "102"]
[EventDate "2004.09.11"]

1. e4 e6 2. d4 d5 3. Nc3 Nf6 4. Bg5 Bb4 5. e5 h6 6. Bd2 Bxc3 7. bxc3 Ne4 8. Qg4
Kf8 9. Bd3 Nxd2 10. Kxd2 Qg5+ 11. Qxg5 hxg5 12. Ne2 c5 13. Ng3 Nc6 14. Bb5 cxd4
15. Bxc6 bxc6 16. cxd4 Ba6 17. Rab1 Ke7 18. h3 Rhb8 19. Nh5 Kf8 20. Ke3 Rb6 21.
Rxb6 axb6 22. Rb1 Bb5 23. Rb2 Ra3+ 24. Kd2 Ra6 25. f4 Bf1 26. fxg5 Bxg2 27. Nf4
Bf1 28. h4 b5 29. Nd3 Bxd3 30. Kxd3 Ke7 31. c3 f6 32. gxf6+ gxf6 33. exf6+ Kxf6
34. Rg2 Ra3 35. h5 b4 36. Rc2 Kg5 37. Kd2 bxc3+ 38. Kd3 Kxh5 39. Rxc3 Ra6 40.
a4 Kg4 41. Rc1 Rxa4 42. Rxc6 Ra3+ 43. Ke2 Kf5 44. Rc8 Ke4 45. Re8 Ra6 46. Rh8
Kxd4 47. Rh4+ Kc5 48. Rh8 e5 49. Rc8+ Kd4 50. Rh8 Ra2+ 51. Ke1 e4 0-1